000 00722cam a22002651 4500
001 421
003 BD-RjUL
005 20211208233157.0
008 131202r19681965enk 001 0 eng d
035 _a(BD-RjUL)438
035 _a(OCoLC)1045261
040 _aDLC
_cOClW
_dDLC
_beng
041 _aeng
082 _a028.7
_216
_bSTB 1968
100 1 _aStokes, Roy
_d1915-
_91312
245 1 0 _aBibliographical control and service /
_cRoy Stokes
260 _aLondon :
_bAndre Deutsch,
_c1965 [impression1968]
300 _a125 p. ;
_c20 cm.
504 _aBibliography: p. 123-124.
650 0 _aReference books.
_91313
650 0 _aBibliography.
_91314
942 _2ddc
_cBK
999 _c421
_d421